[Event "ARG-chT8 fin email"]
[Site "LADAC email"]
[Date "2006.01.07"]
[Round "?"]
[White "Rinaldi, Carlos Alberto"]
[Black "Rodi Maletich, Luis"]
[Result "1/2-1/2"]
[WhiteElo "2641"]
[BlackElo "2410"]
[PlyCount "72"]
[EventDate "2006.01.01"]
[EventType "tourn (corr)"]
[EventRounds "11"]
[EventCountry "ARG"]
[SourceTitle "Corr 2011"]
[Source "ChessBase"]
[SourceDate "2010.08.31"]
[SourceVersion "1"]
[SourceVersionDate "2010.08.31"]
[SourceQuality "1"]

1. e4 e5 2. Nf3 Nc6 3. Bb5 a6 4. Ba4 Nf6 5. 0-0 b5 6. Bb3 Bb7 7. c3 Nxe4 8. d4 Na5 9. Bc2 exd4 10. Bxe4 Bxe4 11. Re1 d5 12. b4 Nc4 13. Nxd4 c5 14. bxc5 Bxc5 15. f3 0-0 16. fxe4 dxe4 17. Rxe4 Qd5 18. Rf4 Rad8 19. Kh1 Rfe8 20. Qf1 b4 21. Rf5 Re5 22. Rxe5 Nxe5 23. Be3 Qc4 24. Nd2 Qxc3 25. Bg5 Rxd4 26. Rc1 Rxd2 27. Bxd2 Qxd2 28. Rxc5 f6 29. Qb1 h5 30. h3 h4 31. Qb3+ Kf8 32. Rd5 Qe1+ 33. Kh2 g5 34. Rd1 Qe4 35. Qd5 Qe2 36. Rb1 g4 1/2-1/2